Des Minoens en Egypte? : "Keftiou" et les iles au milieu du Grand Vert
Αποθηκεύτηκε σε:
| Κύριος συγγραφέας: | |
|---|---|
| Μορφή: | Βιβλίο |
| Γλώσσα: | French |
| Δημοσίευση: |
Louvain-la-Neuve :
Institut orientaliste,Universitι catholique de Louvain,
2003
|
| Σειρά: | Publications de l'Institut orientaliste de Louvain ;
; 52 |
| Θέματα: | |
| Ετικέτες: |
Προσθήκη ετικέτας
Δεν υπάρχουν, Καταχωρήστε ετικέτα πρώτοι!
|
MARC
| LEADER | 00000nam a2200000 i 4500 | ||
|---|---|---|---|
| 001 | 1/70198 | ||
| 008 | 080114s2003 fre d | ||
| 020 | |a 90-429-1261-8 | ||
| 035 | |l 10093617 | ||
| 040 | |a GR-MY-UA |b gre |e aacr | ||
| 041 | 0 | |a fre | |
| 082 | 0 | |a 913 |2 (22) | |
| 100 | 1 | |a Duhoux, Yves. | |
| 245 | 1 | 4 | |a Des Minoens en Egypte? : |b "Keftiou" et les iles au milieu du Grand Vert / |c Yves Duhoux |
| 260 | |a Louvain-la-Neuve : |b Institut orientaliste,Universitι catholique de Louvain, |c 2003 | ||
| 300 | |a 312 σ.; |c 27 εκ. | ||
| 490 | 1 | |a Publications de l'Institut orientaliste de Louvain |v ; 52 | |
| 504 | |a Περιλαμβάνει βιβλιογραφίες και ευρετήριο | ||
| 651 | 0 | |a Crete (Greece) |x Relations |z Egypt. | |
| 651 | 0 | |a Egypt |x Relations |z Greece |z Crete. | |
| 830 | 0 | |a Publications de l'Institut orientaliste de Louvain ; |v ; 52 | |
| 852 | |a INST |b RHODES |e 20080114 |h 913 DUH |p 005400030359 |q 005400030359 |t BK |y 0 | ||
| 901 | |a BIBL4-2008-1 | ||
| 909 | |a Ρ |b 142850 | ||
| 922 | |a 4ΕΛΗ |b 200712 |c ΕΠΕΑΕΚ2/ΤΜΣ |d ΕΛΕΥΘΕΡΟΥΔΑΚΗΣ | ||
| 970 | |a ΜΙΣΣΟΣ |b ΣΤΑΥΡΟΣ |z 2008/01/14 | ||